000 00846aam a2200325 4500
005 20250624161848.0
008 150624b2010 xxu||||| |||| 00| 0 spa d
041 _aESP
082 _a005.5 A174o
100 _aAcevedo, Luis
100 _aMendoza, Hector
100 _aUribe, Luis
245 _aOffice, Microsoft, vs Open Office
260 _aMéxico
_bAlfaomega
_c2010
300 _a234 páginas
490 _aDirección y Administración de Empresa
490 _aSecretariado Ejecutivo
490 _aTecnologías de la Información
650 _aPROGRAMAS PARA COMPUTADOR
650 _aOFFICE
650 _aMICROSOFT OFFICE
650 _aSOFTWARE
650 _aWORD 2007
650 _aWRITER 3.1
650 _aEXCEL 2007
650 _aCALC 3.1
650 _aPOWER POINT
650 _aIMPRESS 3.1
942 _cBK
_2ddc
999 _c3011
_d3011